| 000 | 00482nam a2200169 4500 | ||
|---|---|---|---|
| 001 | 144644 | ||
| 003 | ES-MaACL | ||
| 005 | 20230906201051.0 | ||
| 007 | t| | ||
| 008 | 070214s1973 sp r ||||1| eng d | ||
| 100 | 1 |
_aSmith, Jay D. _9106895 |
|
| 245 | 1 | 0 |
_aWhat made Don Wan? / _cby Jay D. Smith ; with Harry Debelius. |
| 260 |
_aMadrid : _bEscelicer, _c1973. |
||
| 300 |
_a146 p. : _bil. ; _c17 cm. |
||
| 700 | 1 |
_aDebelius, Harry. _943114 |
|
| 852 |
_aES-MaACL _jC-53550 _bR.86393 |
||
| 999 |
_c144644 _d144644 |
||